[Event "Mercredi 2014.04.02 ABCD"]
[Site "Montreal CAN"]
[Date "2014.04.23"]
[Round "4"]
[White "Struben, Jeroen"]
[Black "Abdelaal, Ibrahim"]
[Result "0-1"]
[WhiteElo "1764"]
[BlackElo "1748"]
[PlyCount "106"]
[EventDate "2014.04.02"]
[EventType "tourn"]
[EventRounds "5"]
[EventCountry "CAN"]

1. d4 Nf6 2. c4 c5 3. d5 b5 4. cxb5 a6 5. bxa6 Bxa6 6. Nc3 d6 7. Nf3 g6 8. g3
Bg7 9. Bg2 O-O 10. O-O Nfd7 11. h3 Nb6 12. Re1 N8d7 13. Qc2 Nc4 14. Bg5 h6 15.
Bf4 Qa5 16. Nd2 Nxb2 17. Nce4 f5 18. Rab1 fxe4 19. Rxb2 Bxb2 20. Qxb2 Rab8 21.
Qa1 Rxf4 22. Nb3 Rxb3 23. axb3 Qxa1 24. Rxa1 Rf8 25. Rxa6 Nf6 26. e3 Rb8 27.
Ra3 Kf7 28. Kf1 Rb4 29. Ra4 Rxb3 30. Bxe4 Nxe4 31. Rxe4 Rd3 32. Rf4+ Ke8 33. e4
Rd4 34. Ke2 g5 35. Rg4 Kf7 36. f4 Rxe4+ 37. Kf3 Rd4 38. fxg5 Rxd5 39. gxh6 Rh5
40. Rf4+ Ke8 41. h4 Rxh6 42. Kg4 Rg6+ 43. Kf3 Rf6 44. Rxf6 exf6 45. Ke4 Kf7 46.
g4 Kg6 47. Kf4 c4 48. h5+ Kg7 49. Kf5 c3 50. h6+ Kf7 51. h7 Kg7 52. h8=Q+ Kxh8
53. Kxf6 Kg8 0-1

[Event "Mercredi 2014.04.02 ABCD"]
[Site "Montreal CAN"]
[Date "2014.04.23"]
[Round "4"]
[White "Tremblay, Alain"]
[Black "Jacquet, Stephane"]
[Result "1-0"]
[WhiteElo "2145"]
[BlackElo "2017"]
[PlyCount "79"]
[EventDate "2014.04.02"]
[EventType "tourn"]
[EventRounds "5"]
[EventCountry "CAN"]

1. d4 d5 2. Nf3 Nf6 3. c4 dxc4 4. e3 e6 5. Bxc4 c5 6. O-O a6 7. dxc5 Qxd1 8.
Rxd1 Bxc5 9. a3 b5 10. Be2 Nbd7 11. b4 Bb6 12. Bb2 Bb7 13. Nbd2 Ke7 14. Nb3
Rhc8 15. Rac1 Nd5 16. Rxc8 Rxc8 17. Rc1 Rxc1+ 18. Nxc1 g5 19. h3 f6 20. Kf1 e5
21. Nb3 h5 22. g3 Ke6 23. Nfd2 f5 24. Bxh5 N5f6 25. Be2 e4 26. Nd4+ Bxd4 27.
Bxd4 Ne5 28. Nb3 Nfd7 29. Ke1 Bd5 30. Nd2 Nd3+ 31. Bxd3 exd3 32. f3 Ne5 33.
Bxe5 Kxe5 34. f4+ Kf6 35. Kf2 Kg6 36. Nf3 Bxf3 37. Kxf3 g4+ 38. hxg4 fxg4+ 39.
Kf2 Kf5 40. Ke1 1-0

[Event "Mercredi 2014.04.02 ABCD"]
[Site "Montreal CAN"]
[Date "2014.04.23"]
[Round "4"]
[White "Zumsteg, Nicolas"]
[Black "Brassard, Sylvain"]
[Result "0-1"]
[WhiteElo "1719"]
[BlackElo "1717"]
[PlyCount "74"]
[EventDate "2014.04.02"]
[EventType "tourn"]
[EventRounds "5"]
[EventCountry "CAN"]

1. d4 d5 2. c4 e6 3. Nc3 Nf6 4. e3 c6 5. cxd5 exd5 6. Bd3 Bd6 7. Nge2 O-O 8.
O-O Re8 9. f3 Qc7 10. h3 Nh5 11. e4 Bh2+ 12. Kh1 Ng3+ 13. Nxg3 Qxg3 14. exd5
cxd5 15. f4 Bxh3 16. gxh3 Qxh3 17. Bf5 Qxf5 18. Kxh2 Re6 19. Qf3 Rh6+ 20. Kg2
Nc6 21. Be3 Rg6+ 22. Kf2 Nb4 23. Rab1 Re8 24. Rg1 Rge6 25. Bd2 Qc2 26. Qd1 Qd3
27. Bc1 Qf5 28. Qf3 Qc2+ 29. Bd2 Qxd2+ 30. Kg3 Re3 31. a3 Rxf3+ 32. Kxf3 Re3+
33. Kg4 h5+ 34. Kxh5 Qh2+ 35. Kg5 f6+ 36. Kf5 Qh3+ 37. Rg4 Qh7+ 0-1

[Event "Mercredi 2014.04.02 ABCD"]
[Site "Montreal CAN"]
[Date "2014.04.30"]
[Round "5"]
[White "Abdelaal, Ibrahim"]
[Black "Gauthier, Luc"]
[Result "0-1"]
[WhiteElo "1748"]
[BlackElo "1796"]
[PlyCount "58"]
[EventDate "2014.04.02"]
[EventType "tourn"]
[EventRounds "5"]
[EventCountry "CAN"]

1. e4 Nf6 2. e5 Nd5 3. Nf3 d6 4. Bc4 Nb6 5. Bxf7+ Kxf7 6. Ng5+ Kg8 7. e6 Qe8 8.
Qf3 g6 9. Nf7 Bg7 10. Nxh8 Kxh8 11. Nc3 Nc6 12. Nb5 Nd4 13. Nxd4 Bxd4 14. Qe4
Bf6 15. h4 Qa4 16. Qf3 Bxe6 17. h5 Bg4 18. Qxb7 Qxc2 19. O-O Bxh5 20. a4 a5 21.
Ra3 Be2 22. Re1 Ba6 23. Qf3 Rf8 24. Rc3 Qxa4 25. Rxc7 Bg7 26. Qh3 Qd4 27. Rcxe7
Qxf2+ 28. Kh1 Nd5 29. R7e2 Bxe2 0-1

[Event "Mercredi 2014.04.02 ABCD"]
[Site "Montreal CAN"]
[Date "2014.04.30"]
[Round "5"]
[White "Brassard, Sylvain"]
[Black "Baran, Marius"]
[Result "1-0"]
[WhiteElo "1717"]
[BlackElo "1649"]
[PlyCount "119"]
[EventDate "2014.04.02"]
[EventType "tourn"]
[EventRounds "5"]
[EventCountry "CAN"]

1. d4 d5 2. c4 e6 3. Nc3 Nf6 4. Bg5 Be7 5. e3 Nbd7 6. Nf3 O-O 7. Bd3 c6 8. O-O
dxc4 9. Bxc4 Nd5 10. Bxe7 Qxe7 11. Nxd5 exd5 12. Bd3 Nf6 13. Ne5 Be6 14. Qc2 g6
15. h3 Nd7 16. Nf3 c5 17. dxc5 Nxc5 18. Nd4 Rac8 19. Rfc1 Ne4 20. Qe2 a6 21.
Nxe6 Qxe6 22. Qe1 Qf6 23. Qe2 Qe5 24. Rc2 Rc7 25. Rac1 Rfc8 26. Rxc7 Rxc7 27.
Rxc7 Qxc7 28. Qc2 Qxc2 29. Bxc2 g5 30. Bb3 Nf6 31. Kf1 Kf8 32. Ke2 Ke7 33. Kd3
Kd6 34. Kd4 b6 35. f3 h6 36. e4 dxe4 37. fxe4 Ke7 38. Bc4 a5 39. g4 Nd7 40. e5
Nc5 41. Kd5 Kd7 42. Bb5+ Kc7 43. a3 Ne6 44. Ke4 Kd8 45. Bf1 Nf4 46. h4 Ne6 47.
h5 Ke7 48. Kd5 Nd8 49. Bc4 Kd7 50. Ke4 Ke7 51. Kf5 Nc6 52. Ke4 Nd8 53. Bd5 Ne6
54. Bc4 Nf4 55. Kf5 Nh3 56. e6 fxe6+ 57. Bxe6 Nf4 58. Bc4 Kf8 59. Kf6 Nxh5+ 60.
gxh5 1-0

[Event "Mercredi 2014.04.02 ABCD"]
[Site "Montreal CAN"]
[Date "2014.04.30"]
[Round "5"]
[White "Cloutier, Mathieu"]
[Black "Lopez Linares, Lizandro"]
[Result "1-0"]
[WhiteElo "2072"]
[BlackElo "1995"]
[PlyCount "70"]
[EventDate "2014.04.02"]
[EventType "tourn"]
[EventRounds "5"]
[EventCountry "CAN"]

1. e4 c6 2. d4 d5 3. Nc3 dxe4 4. Nxe4 Bf5 5. Ng3 Bg6 6. N1e2 Nf6 7. h4 h6 8. c3
e6 9. Nf4 Bh7 10. Be3 Nd5 11. Nxd5 cxd5 12. Qd2 Nd7 13. Nh5 a6 14. Be2 Rc8 15.
g4 Rc6 16. g5 Bf5 17. Ng3 g6 18. Nxf5 gxf5 19. gxh6 Nf6 20. Bg5 Be7 21. Qe3 Ne4
22. Rg1 Qb6 23. Qc1 e5 24. Bxe7 exd4 25. c4 Kxe7 26. Bd3 Qb4+ 27. Ke2 dxc4 28.
Bxe4 fxe4 29. Qg5+ Kd7 30. Qd5+ Rd6 31. Qxf7+ Kc6 32. Rg7 Rc8 33. h7 Qxb2+ 34.
Kf1 Qxa1+ 35. Kg2 d3 1-0

[Event "Mercredi 2014.04.02 ABCD"]
[Site "Montreal CAN"]
[Date "2014.04.30"]
[Round "5"]
[White "Heredia, Jose"]
[Black "Dumouchel, Alain"]
[Result "1-0"]
[WhiteElo "1856"]
[BlackElo "1951"]
[PlyCount "85"]
[EventDate "2014.04.02"]
[EventType "tourn"]
[EventRounds "5"]
[EventCountry "CAN"]

1. d4 Nf6 2. c4 g6 3. g3 Bg7 4. Bg2 d6 5. Nc3 O-O 6. Nf3 c6 7. O-O Qa5 8. d5
cxd5 9. Nxd5 Nxd5 10. Qxd5 Qxd5 11. cxd5 h6 12. e3 Bf5 13. Nd4 Na6 14. Nxf5
gxf5 15. Bh3 e6 16. Rd1 Rfd8 17. dxe6 fxe6 18. e4 fxe4 19. Bxe6+ Kf8 20. Bf4
Ke7 21. Bd5 Nc5 22. Rab1 Nd3 23. Be3 Rd7 24. Rd2 Nc5 25. Bd4 Bxd4 26. Rxd4 Kf6
27. Rbd1 Re8 28. Bc4 a6 29. b4 Nd3 30. Bxd3 exd3 31. R1xd3 Re6 32. Rd5 Ke7 33.
b5 Re1+ 34. Kg2 axb5 35. Rxb5 Rc1 36. Rh5 Rc2 37. a3 Kd8 38. Rxh6 Kc7 39. Rf6
d5 40. h4 d4 41. h5 Rc3 42. Rff3 Kc6 43. Rxc3+ 1-0

[Event "Mercredi 2014.04.02 ABCD"]
[Site "Montreal CAN"]
[Date "2014.04.30"]
[Round "5"]
[White "Jacquet, Stephane"]
[Black "Boudreau, Daniel"]
[Result "1/2-1/2"]
[WhiteElo "2017"]
[BlackElo "2137"]
[PlyCount "96"]
[EventDate "2014.04.02"]
[EventType "tourn"]
[EventRounds "5"]
[EventCountry "CAN"]

1. d4 Nf6 2. c4 e6 3. Nc3 Bb4 4. Qc2 d5 5. cxd5 exd5 6. Bg5 O-O 7. e3 h6 8.
Bxf6 Qxf6 9. Nf3 Bf5 10. Qb3 c5 11. dxc5 Nc6 12. a3 Bxc3+ 13. Qxc3 Qxc3+ 14.
bxc3 Rac8 15. Nd4 Be4 16. f3 Bg6 17. Nb5 Ne5 18. Nxa7 Rxc5 19. Nb5 Nd3+ 20.
Bxd3 Bxd3 21. Nd4 Rxc3 22. Kd2 Rfc8 23. Rhc1 Rxc1 24. Rxc1 Rxc1 25. Kxc1 g6 26.
Kd2 Bf1 27. g3 Kf8 28. Kc3 Ke7 29. Kb4 Kd6 30. h4 b6 31. f4 Bd3 32. Kc3 Bf1 33.
Nb3 Bc4 34. Nd2 Be2 35. Kd4 Bd1 36. Nb1 f6 37. Nc3 Bf3 38. Nb5+ Kc6 39. Nc3 h5
40. a4 Bg2 41. Nb5 Bf3 42. Nc3 Bg2 43. Nb5 Be4 44. Nc3 Bf3 45. Na2 Kd6 46. Nc3
Ke6 47. Na2 Kd6 48. Nc3 Kc6 1/2-1/2

[Event "Mercredi 2014.04.02 ABCD"]
[Site "Montreal CAN"]
[Date "2014.04.30"]
[Round "5"]
[White "Khudaverdian, Berj"]
[Black "Zumsteg, Nicolas"]
[Result "1/2-1/2"]
[WhiteElo "1698"]
[BlackElo "1719"]
[PlyCount "125"]
[EventDate "2014.04.02"]
[EventType "tourn"]
[EventRounds "5"]
[EventCountry "CAN"]

1. e4 c6 2. Nc3 d5 3. d4 dxe4 4. Nxe4 Bf5 5. Ng3 Bg6 6. Nf3 e6 7. Bc4 Bd6 8.
O-O Nf6 9. Bg5 Nbd7 10. Re1 O-O 11. Qe2 Re8 12. Ne5 Qc7 13. Nxg6 hxg6 14. Rad1
b5 15. Bb3 a5 16. c3 a4 17. Bc2 e5 18. Qf3 exd4 19. cxd4 Nd5 20. Be4 N7b6 21.
Nf1 Bb4 22. Bd2 Rad8 23. Bxb4 Nxb4 24. a3 N4d5 25. h4 Re6 26. h5 gxh5 27. Bxd5
Rxd5 28. Rxe6 fxe6 29. Ne3 Rg5 30. Qe4 e5 31. Rc1 exd4 32. Rxc6 Re5 33. Qg6 Qf7
34. Rxb6 Qxg6 35. Rxg6 dxe3 36. fxe3 Rxe3 37. Rg5 Rb3 38. Rxh5 Rxb2 39. Kh2 Kf7
40. Kg3 Kg6 41. Rc5 b4 42. axb4 Rxb4 43. Ra5 Rb3+ 44. Kg4 a3 45. Ra6+ Kf7 46.
g3 Ke7 47. Kf4 Kd7 48. g4 Kc7 49. Kg5 Kb7 50. Ra4 Kb6 51. Kg6 Kb5 52. Ra8 Rg3
53. g5 Kb4 54. Ra7 Kb3 55. Rxg7 a2 56. Ra7 Kb2 57. Rxa2+ Kxa2 58. Kf6 Kb3 59.
g6 Kc4 60. g7 Kd5 61. Kf7 Kd6 62. g8=Q Rxg8 63. Kxg8 1/2-1/2

[Event "Mercredi 2014.04.02 ABCD"]
[Site "Montreal CAN"]
[Date "2014.04.30"]
[Round "5"]
[White "Lebeau, Gilbert"]
[Black "Tremblay, Alain"]
[Result "0-1"]
[WhiteElo "2015"]
[BlackElo "2145"]
[PlyCount "66"]
[EventDate "2014.04.02"]
[EventType "tourn"]
[EventRounds "5"]
[EventCountry "CAN"]

1. d4 d6 2. c4 Nf6 3. Nc3 g6 4. e4 Bg7 5. Bd3 Nc6 6. Nge2 O-O 7. O-O e5 8. d5
Nd4 9. Nxd4 exd4 10. Ne2 Nd7 11. Ng3 Ne5 12. Qc2 c5 13. f3 Bd7 14. Bd2 Re8 15.
Rf2 Qe7 16. Re1 Rab8 17. h3 b5 18. b3 bxc4 19. bxc4 Qh4 20. Ne2 Ba4 21. Qxa4
Nxd3 22. g3 Qe7 23. Rff1 Nxe1 24. Rxe1 Rb7 25. Nf4 Reb8 26. Nd3 Rb1 27. Rxb1
Rxb1+ 28. Kf2 h5 29. Bf4 Rb6 30. g4 hxg4 31. hxg4 Qh4+ 32. Bg3 Qh1 33. Ke2 Rb1
0-1

[Event "Mercredi 2014.04.02 ABCD"]
[Site "Montreal CAN"]
[Date "2014.04.30"]
[Round "5"]
[White "Mireault, Sylvain"]
[Black "Struben, Jeroen"]
[Result "1-0"]
[WhiteElo "1744"]
[BlackElo "1764"]
[PlyCount "85"]
[EventDate "2014.04.02"]
[EventType "tourn"]
[EventRounds "5"]
[EventCountry "CAN"]

1. Nf3 g6 2. g3 Bg7 3. Bg2 c5 4. d3 Nc6 5. O-O Nh6 6. Nbd2 d5 7. e4 d4 8. Re1
Ng4 9. h3 Nf6 10. Nc4 b5 11. Na3 a6 12. e5 Nd5 13. Ng5 e6 14. f4 Bf8 15. c4
dxc3 16. bxc3 Qb6 17. Bxd5 exd5 18. e6 f6 19. Nf7 Rg8 20. Nc2 Ne7 21. d4 c4 22.
Ba3 Nf5 23. e7 Bxe7 24. Bc5 Qb7 25. Rxe7+ Qxe7 26. Bxe7 Kxe7 27. g4 Ng7 28. Nh6
Re8 29. Qf3 Kd6 30. Re1 Bb7 31. Kf2 Ne6 32. Qg3 Kd7 33. h4 g5 34. fxg5 fxg5 35.
Nf5 Nf4 36. Rxe8 Rxe8 37. Nce3 Nd3+ 38. Kf1 Re6 39. hxg5 Kc8 40. Qh2 Bc6 41.
Qxh7 Re4 42. g6 Rf4+ 43. Kg2 1-0

[Event "Mercredi 2014.04.02 ABCD"]
[Site "Montreal CAN"]
[Date "2014.04.30"]
[Round "5"]
[White "Nardone, Raul"]
[Black "Fortin-Lavoie, Patrice"]
[Result "0-1"]
[WhiteElo "1885"]
[BlackElo "1828"]
[PlyCount "58"]
[EventDate "2014.04.02"]
[EventType "tourn"]
[EventRounds "5"]
[EventCountry "CAN"]

1. e4 c5 2. Nf3 e6 3. d3 Nc6 4. g3 Nf6 5. Bg2 Be7 6. O-O O-O 7. Re1 d6 8. Nbd2
e5 9. Nf1 Ne8 10. c3 f5 11. Qb3+ Kh8 12. Ne3 fxe4 13. dxe4 Na5 14. Qc2 Be6 15.
Nd5 Bxd5 16. exd5 c4 17. h4 b5 18. Ng5 Bxg5 19. hxg5 g6 20. Be4 Qd7 21. Kg2 Qf7
22. Be3 Ng7 23. g4 Nb7 24. f4 exf4 25. Rf1 Qd7 26. Bxf4 Qxg4+ 27. Bg3 Nc5 28.
Bxg6 hxg6 29. Qxg6 Ne4 0-1

[Event "Mercredi 2014.04.02 ABCD"]
[Site "Montreal CAN"]
[Date "2014.04.30"]
[Round "5"]
[White "O'Connor, Michael"]
[Black "Salazar, Andres"]
[Result "1-0"]
[WhiteElo "1738"]
[BlackElo "1774"]
[PlyCount "75"]
[EventDate "2014.04.02"]
[EventType "tourn"]
[EventRounds "5"]
[EventCountry "CAN"]

1. e4 c5 2. Ne2 Nc6 3. g3 Nf6 4. Bg2 d5 5. exd5 Nxd5 6. d4 Bf5 7. c3 e6 8. O-O
Rc8 9. Re1 Nce7 10. dxc5 Rxc5 11. Qa4+ Nc6 12. Nd4 Bd3 13. Qd1 Bg6 14. Nb3 Rb5
15. a4 Rc5 16. Nxc5 Bxc5 17. Bxd5 Qb6 18. Bxc6+ bxc6 19. Qf3 O-O 20. b4 Be7 21.
Be3 Qa6 22. Bd4 Bg5 23. a5 Bc2 24. Na3 Bb3 25. Qe2 Qb7 26. f4 Bd8 27. Nc4 Bc7
28. Reb1 Bxc4 29. Qxc4 Rc8 30. Kf2 Qb8 31. b5 c5 32. Be3 h5 33. h4 Rd8 34. Ra2
Rd5 35. b6 Bd6 36. Rab2 f6 37. a6 g5 38. bxa7 1-0

[Event "Mercredi 2014.04.02 ABCD"]
[Site "Montreal CAN"]
[Date "2014.04.30"]
[Round "5"]
[White "Ouellet, Maili-Jade"]
[Black "Rondon, Luciano"]
[Result "1-0"]
[WhiteElo "1879"]
[BlackElo "1921"]
[PlyCount "75"]
[EventDate "2014.04.02"]
[EventType "tourn"]
[EventRounds "5"]
[EventCountry "CAN"]

1. d4 d5 2. c4 e6 3. Nc3 Nf6 4. Bg5 Be7 5. e3 O-O 6. Nf3 h6 7. Bh4 b6 8. cxd5
Nxd5 9. Bxe7 Qxe7 10. e4 Nxc3 11. bxc3 c5 12. Bd3 cxd4 13. cxd4 Qb4+ 14. Qd2
Nc6 15. Rc1 Bb7 16. Qxb4 Nxb4 17. Bb1 Rac8 18. Kd2 Rfd8 19. a3 Nc6 20. Ke3 Kf8
21. Rhd1 Na5 22. Ba2 Ba6 23. Nd2 Bb7 24. f4 Ke7 25. g4 g6 26. Nf3 b5 27. Ne5
Ba6 28. f5 gxf5 29. gxf5 Nc4+ 30. Bxc4 bxc4 31. f6+ Kxf6 32. Rf1+ Ke7 33. Rxf7+
Kd6 34. Rxa7 Bb5 35. Nf7+ Kc6 36. Nxd8+ Rxd8 37. a4 Kb6 38. Re7 1-0

[Event "Mercredi 2014.05.14 ABCD"]
[Site "Montreal CAN"]
[Date "2014.05.14"]
[Round "1"]
[White "Abdelaal, Ibrahim"]
[Black "Brassard, Sylvain"]
[Result "1-0"]
[WhiteElo "1794"]
[BlackElo "1782"]
[PlyCount "109"]
[EventDate "2014.05.14"]
[EventType "tourn"]
[EventRounds "5"]
[EventCountry "CAN"]

1. e4 Nf6 2. e5 Nd5 3. Nc3 Nb6 4. d4 d6 5. exd6 cxd6 6. Bd3 g6 7. Nge2 Bg7 8.
Be3 O-O 9. Qd2 Re8 10. h4 h5 11. O-O-O Nc6 12. a3 e5 13. dxe5 dxe5 14. Bg5 Bf6
15. Ne4 Bxg5 16. hxg5 Kg7 17. Nf6 Rh8 18. Qe3 Qe7 19. Nc3 Be6 20. Bb5 Nc4 21.
Bxc4 Bxc4 22. Rd7 Qe6 23. Rxb7 Nd4 24. Re1 Qf5 25. Nce4 Rhc8 26. c3 Nb3+ 27.
Kb1 Rd8 28. Rxb3 Bxb3 29. f3 Rd1+ 30. Rxd1 Bxd1 31. Qd2 Bb3 32. Ka1 Qf4 33. Kb1
Qxd2 34. Nxd2 Be6 35. Kc1 Rd8 36. Nde4 Bb3 37. Nd2 Be6 38. Nde4 h4 39. b4 Kf8
40. a4 Rd3 41. Kc2 Rd8 42. b5 Bf5 43. c4 Bxe4+ 44. Nxe4 Ke7 45. c5 Rd4 46. Kb3
Kd7 47. a5 Kc7 48. a6 Rd1 49. Nd6 Rg1 50. Ka3 Kb8 51. Ne8 Rxg2 52. b6 axb6 53.
cxb6 Rd2 54. Nc7 Rd1 55. a7+ 1-0

[Event "Mercredi 2014.05.14 ABCD"]
[Site "Montreal CAN"]
[Date "2014.05.14"]
[Round "1"]
[White "Beaulieu, Pierre"]
[Black "Barko, Maxim"]
[Result "1/2-1/2"]
[WhiteElo "1948"]
[BlackElo "1880"]
[PlyCount "103"]
[EventDate "2014.05.14"]
[EventType "tourn"]
[EventRounds "5"]
[EventCountry "CAN"]

1. f4 d5 2. Nf3 c5 3. e3 g6 4. Bb5+ Nd7 5. Nc3 e6 6. d4 Bg7 7. dxc5 Qa5 8. Bd2
Qc7 9. b4 b6 10. cxb6 axb6 11. Nd4 Ne7 12. O-O O-O 13. Rb1 e5 14. fxe5 Bxe5 15.
g3 Nf6 16. Rb3 Bh3 17. Rxf6 Bxf6 18. Qf3 Be5 19. Bd3 Qd7 20. a4 h5 21. Rb1 Kg7
22. Bb5 Qd6 23. Nce2 Rfc8 24. c3 Nf5 25. Nf4 Bxf4 26. gxf4 Bg4 27. Nxf5+ Bxf5
28. Ra1 Be4 29. Qf2 Rc7 30. Rc1 Qe6 31. h4 Qh3 32. Qh2 Qxh2+ 33. Kxh2 Kf6 34.
Kg3 Kf5 35. Ra1 Bc2 36. Ra2 Bb3 37. Ra3 Bc4 38. Bxc4 dxc4 39. Kf3 Re7 40. Ra2
Rea7 41. e4+ Ke6 42. Be3 Ra6 43. Rd2 Rb8 44. Rd4 Rc8 45. Rd5 Rxa4 46. Bxb6 Rb8
47. Bd4 Ra3 48. Re5+ Kd7 49. Rd5+ Ke6 50. Re5+ Kd7 51. Rd5+ Ke8 52. b5 1/2-1/2

[Event "Mercredi 2014.05.14 ABCD"]
[Site "Montreal CAN"]
[Date "2014.05.14"]
[Round "1"]
[White "Boudreau, Daniel"]
[Black "Jacquet, Stephane"]
[Result "0-1"]
[WhiteElo "2080"]
[BlackElo "2071"]
[PlyCount "98"]
[EventDate "2014.05.14"]
[EventType "tourn"]
[EventRounds "5"]
[EventCountry "CAN"]

1. e4 d6 2. d4 Nf6 3. Nc3 g6 4. Bg5 Bg7 5. Nf3 h6 6. Bh4 g5 7. Bg3 Nh5 8. Qd2
c6 9. a4 Qb6 10. a5 Qxb2 11. Ra2 Qb4 12. Ra4 Qb2 13. Bd3 Nxg3 14. hxg3 b5 15.
Nd1 Qb1 16. c4 Qxd1+ 17. Qxd1 bxa4 18. Qxa4 g4 19. Nh4 Bxd4 20. Nf5 Bc3+ 21.
Ke2 Kf8 22. Rxh6 Rxh6 23. Nxh6 Na6 24. Qxc6 Rb8 25. Qd5 Be6 26. Qg5 f6 27. Qe3
Nc5 28. Nf5 Rb2+ 29. Kf1 Rd2 30. Be2 Bxc4 31. Qxc3 Rd1+ 32. Qe1 Bxe2+ 33. Kxe2
Rxe1+ 34. Kxe1 Nxe4 35. Ne3 Nc5 36. Kd2 Nb3+ 37. Kc3 Nxa5 38. Nxg4 Kf7 39. Kb4
Nb7 40. Ne3 Nc5 41. g4 Nd3+ 42. Kb5 Nxf2 43. Ka6 Ke6 44. Kxa7 d5 45. Kb6 d4 46.
Nc4 d3 47. Kc5 Nxg4 48. Kd4 Ne5 49. Nxe5 d2 0-1

[Event "Mercredi 2014.05.14 ABCD"]
[Site "Montreal CAN"]
[Date "2014.05.14"]
[Round "1"]
[White "Dumouchel, Alain"]
[Black "Heredia, Jose"]
[Result "1/2-1/2"]
[WhiteElo "1931"]
[BlackElo "1906"]
[PlyCount "90"]
[EventDate "2014.05.14"]
[EventType "tourn"]
[EventRounds "5"]
[EventCountry "CAN"]

1. e4 c6 2. d4 d5 3. exd5 cxd5 4. Bd3 Nc6 5. c3 Qc7 6. Nf3 Bg4 7. Nbd2 e6 8.
Qa4 Bd6 9. c4 dxc4 10. Bxc4 Nge7 11. h3 Bh5 12. O-O O-O 13. Re1 h6 14. Qb5 Bg6
15. Bb3 a6 16. Qf1 Bb4 17. a3 Ba5 18. Rd1 b5 19. Nb1 Rfd8 20. Be3 Be4 21. Nbd2
Bh7 22. Rac1 Qb7 23. Bc2 Bxc2 24. Rxc2 Rd5 25. b4 Bxb4 26. axb4 Nxb4 27. Rc5
Nf5 28. Rdc1 Rxc5 29. Rxc5 Nd5 30. Qe1 a5 31. g4 Nd6 32. Ne5 a4 33. Nc6 b4 34.
Nc4 Ne4 35. N4a5 Qb6 36. Nc4 Qa6 37. Rxd5 Qxc6 38. Re5 f6 39. Ra5 Rxa5 40. Nxa5
Qb5 41. Bxh6 gxh6 42. Qxe4 Qxa5 43. Qg6+ Kf8 44. Qxf6+ Ke8 45. Qxe6+ Kd8
1/2-1/2

[Event "Mercredi 2014.05.14 ABCD"]
[Site "Montreal CAN"]
[Date "2014.05.14"]
[Round "1"]
[White "Gunapalan, David"]
[Black "Gauthier, Luc"]
[Result "1-0"]
[WhiteElo "1871"]
[BlackElo "1757"]
[PlyCount "67"]
[EventDate "2014.05.14"]
[EventType "tourn"]
[EventRounds "5"]
[EventCountry "CAN"]

1. e4 Nf6 2. Nc3 d5 3. exd5 Nxd5 4. d4 c6 5. Bd3 g6 6. f4 Bg7 7. Nf3 Bg4 8. Be4
Nf6 9. Be3 Nbd7 10. h3 Nxe4 11. Nxe4 Bxf3 12. Qxf3 Nf6 13. Nxf6+ Bxf6 14. c3
Qd5 15. Qe2 Bh4+ 16. Bf2 Bxf2+ 17. Kxf2 O-O-O 18. Rhd1 Qf5 19. Kg1 e6 20. Qf2
Kb8 21. b4 g5 22. fxg5 Qxg5 23. a4 Rhg8 24. b5 cxb5 25. axb5 Qxb5 26. Qa2 a6
27. c4 Qc6 28. d5 Qc5+ 29. Kh1 Rd6 30. Rab1 Rg3 31. Qb2 b6 32. dxe6 Rc6 33.
exf7 Qf8 34. Qe5+ 1-0

[Event "Mercredi 2014.05.14 ABCD"]
[Site "Montreal CAN"]
[Date "2014.05.16"]
[Round "1"]
[White "Lopez Linares, Lizandro"]
[Black "Lebeau, Gilbert"]
[Result "1-0"]
[WhiteElo "2039"]
[BlackElo "2013"]
[PlyCount "51"]
[EventDate "2014.05.14"]
[EventType "tourn"]
[EventRounds "5"]
[EventCountry "CAN"]

1. d4 d5 2. c4 c6 3. Nf3 Nf6 4. Nc3 dxc4 5. a4 Bf5 6. e3 e6 7. a5 Nbd7 8. Bxc4
Bd6 9. O-O O-O 10. Qe2 Bg4 11. e4 e5 12. d5 h6 13. dxc6 bxc6 14. Rd1 Qe7 15. h3
Bh5 16. g4 Bg6 17. Nh4 Kh7 18. g5 Nh5 19. Nf5 Bxf5 20. exf5 g6 21. f6 Ndxf6 22.
gxf6 Nxf6 23. Qd2 Ng8 24. Qxd6 Qh4 25. Bf1 Ne7 26. Ra4 1-0

[Event "Mercredi 2014.05.14 ABCD"]
[Site "Montreal CAN"]
[Date "2014.05.14"]
[Round "1"]
[White "Millette, Sylvain"]
[Black "Khudaverdian, Berj"]
[Result "0-1"]
[WhiteElo "1749"]
[BlackElo "1685"]
[PlyCount "45"]
[EventDate "2014.05.14"]
[EventType "tourn"]
[EventRounds "5"]
[EventCountry "CAN"]

1. Nf3 Nf6 2. g3 g6 3. Bg2 Bg7 4. d4 d5 5. O-O O-O 6. c3 Nbd7 7. Nbd2 b6 8. Qc2
Bb7 9. Re1 c5 10. dxc5 bxc5 11. Ng5 h6 12. Nh3 e5 13. f4 e4 14. c4 Ng4 15. e3
Nxe3 16. Qb3 Nxg2 17. Kxg2 Nb6 18. cxd5 Bxd5 19. Qb5 Bd4 20. Qe2 f5 21. Kf1 e3
22. Qd1 exd2 23. Bxd2 0-1

[Event "Mercredi 2014.05.14 ABCD"]
[Site "Montreal CAN"]
[Date "2014.05.14"]
[Round "1"]
[White "Mireault, Sylvain"]
[Black "Struben, Jeroen"]
[Result "0-1"]
[WhiteElo "1717"]
[BlackElo "1716"]
[PlyCount "50"]
[EventDate "2014.05.14"]
[EventType "tourn"]
[EventRounds "5"]
[EventCountry "CAN"]

1. Nf3 g6 2. g3 Bg7 3. Bg2 c5 4. d3 Nc6 5. O-O d6 6. Nbd2 Nf6 7. c3 O-O 8. e4
e5 9. Re1 Rb8 10. Nf1 d5 11. exd5 Nxd5 12. Ne3 Nxe3 13. Bxe3 b6 14. Nd2 Ne7 15.
f4 Nf5 16. Nc4 Nxe3 17. Rxe3 exf4 18. gxf4 Bh6 19. Qf1 Qh4 20. Rae1 Bxf4 21.
Re4 Qxh2+ 22. Kf2 Bg3+ 23. Ke2 Bb7 24. Kd1 Bxe1 25. Rxe1 Qxg2 0-1

[Event "Mercredi 2014.05.14 ABCD"]
[Site "Montreal CAN"]
[Date "2014.05.14"]
[Round "1"]
[White "Nunez, Omar"]
[Black "Nardone, Raul"]
[Result "1/2-1/2"]
[WhiteElo "1959"]
[BlackElo "1876"]
[PlyCount "39"]
[EventDate "2014.05.14"]
[EventType "tourn"]
[EventRounds "5"]
[EventCountry "CAN"]

1. d4 d5 2. c4 e6 3. Nc3 c6 4. cxd5 exd5 5. Bf4 Nf6 6. e3 Bd6 7. Bxd6 Qxd6 8.
Nf3 O-O 9. h3 Bf5 10. Bd3 Bxd3 11. Qxd3 Nbd7 12. O-O Rfe8 13. Rac1 Ne4 14. a3
Nxc3 15. Rxc3 Nf6 16. Rfc1 Ne4 17. R3c2 Re7 18. b4 a6 19. Nd2 Nxd2 20. Qxd2
1/2-1/2

[Event "Mercredi 2014.05.14 ABCD"]
[Site "Montreal CAN"]
[Date "2014.05.14"]
[Round "1"]
[White "O'Connor, Michael"]
[Black "Salazar, Andres"]
[Result "0-1"]
[WhiteElo "1853"]
[BlackElo "1777"]
[PlyCount "108"]
[EventDate "2014.05.14"]
[EventType "tourn"]
[EventRounds "5"]
[EventCountry "CAN"]

1. e4 c5 2. Ne2 d6 3. g3 Nf6 4. Bg2 g6 5. c3 Bg7 6. O-O O-O 7. h3 Nc6 8. d4
cxd4 9. cxd4 Qb6 10. Nbc3 Bd7 11. Be3 Qa6 12. f4 Rfd8 13. e5 dxe5 14. fxe5 Nxe5
15. dxe5 Bxh3 16. exf6 Rxd1 17. Rfxd1 Bxg2 18. fxe7 Bf6 19. Rd8+ Rxd8 20.
exd8=Q+ Bxd8 21. Kxg2 Kg7 22. Rd1 Bc7 23. Nf4 g5 24. Bd4+ Kg8 25. Nfd5 Bd8 26.
Re1 Kf8 27. Bc5+ Kg7 28. Re8 Bf6 29. Nxf6 Qxf6 30. Re4 Qc6 31. Bd4+ Kg6 32. Kf2
f5 33. Re2 g4 34. Be5 h5 35. Bf4 h4 36. Re3 h3 37. Ne2 Qg2+ 38. Ke1 Qc6 39. Nd4
Qc1+ 40. Kf2 Qxb2+ 41. Ne2 Qb6 42. Kg1 Qc6 43. Kf2 Qg2+ 44. Ke1 Kf7 45. Bg5 h2
46. Re7+ Kg8 47. Re8+ Kh7 48. Re7+ Kg8 49. Re8+ Kf7 50. Re7+ Kf8 51. Re5 h1=Q+
52. Kd2 Qgf1 53. Nf4 Qc1+ 54. Kd3 Qhd1# 0-1